Normal view
MARC view
Entry Personal Name
001 - CONTROL NUMBER
- control field: 1115554
003 - CONTROL NUMBER IDENTIFIER
- control field: OSt
005 - DATE AND TIME OF LATEST TRANSACTION
- control field: 20260213110805.0
008 - FIXED-LENGTH DATA ELEMENTS
- fixed length control field: 260213|| aca||aabn | a|a d
040 ## - CATALOGING SOURCE
- Original cataloging agency: OSt
- Transcribing agency: OSt
100 ## - HEADING--PERSONAL NAME
- Personal name: अंकुर, देवेन्द्र राज
670 ## - SOURCE DATA FOUND
- Source citation: Work cat.: (OSt)1679523: अंकुर, देवेन्द्र राज , दर्शन प्रदर्शन , 2013.
